Televisión para los niños / (Record no. 140020)

MARC details
000 -LEADER
campo de control de longitud fija 00803nam a2200229 4500
001 - NÚMERO DE CONTROL
campo de control 140020
003 - IDENTIFICADOR DE NÚMERO DE CONTROL
campo de control ES-MaACL
005 - FECHA Y HORA DE LA ÚLTIMA TRANSACCIÓN
campo de control 20250825070349.0
007 - CAMPO FIJO DE DESCRIPCIÓN FÍSICA--INFORMACIÓN GENERAL
campo de control de longitud fija t|
008 - DATOS DE LONGITUD FIJA--INFORMACIÓN GENERAL
campo de control de longitud fija 070214s1965 sp r ||||1| spa d
100 1# - ENTRADA PRINCIPAL--NOMBRE DE PERSONA
Nombre de persona Schramm, Wilbur.
9 (RLIN) 104687
245 10 - MENCIÓN DEL TÍTULO
Título Televisión para los niños /
Mención de responsabilidad, etc. Wilbur Schramm, Jach Lyle, Edwin B. Parker ; traducción de Rafael García de Castro Andrieu.
260 ## - PUBLICACIÓN, DISTRIBUCIÓN, ETC.
Lugar de publicación, distribución, etc. Barcelona :
Nombre del editor, distribuidor, etc. Ed. Hispano-Europea,
Fecha de publicación, distribución, etc. 1965.
300 ## - DESCRIPCIÓN FÍSICA
Extensión XII, 312 p. :
Otras características físicas il. ;
Dimensiones 21 cm.
490 1# - MENCIÓN DE SERIE
Mención de serie Ciencias y técnicas empresariales
700 1# - ENTRADA AGREGADA--NOMBRE PERSONAL
Nombre de persona Lyle, Jach.
9 (RLIN) 74928
700 1# - ENTRADA AGREGADA--NOMBRE PERSONAL
Nombre de persona Parker, Edwin B.
9 (RLIN) 89176
700 1# - ENTRADA AGREGADA--NOMBRE PERSONAL
Nombre de persona García de Castro Andrieu, Rafael
9 (RLIN) 54412
830 0# - PUNTO DE ACCESO ADICIONAL DE SERIE-TÍTULO UNIFORME
Título uniforme Ciencias y técnicas empresariales
9 (RLIN) 220285
852 ## - LOCALIZACIÓN
Ubicación ES-MaACL
Número de control de estantería C-28495
Sublocalización o colección R.57746
Holdings
Estatus retirado Estado de pérdida Estado de daño No para préstamo Biblioteca de origen Biblioteca actual Ubicación en estantería Fecha de adquisición Fuente de adquisición Total de préstamos Signatura topográfica completa Código de barras Visto por última vez Precio de reemplazo Tipo de ítem Koha
        Biblioteca del Ateneo de Madrid Biblioteca del Ateneo de Madrid Depósito 2 17/01/2008     C-28495 1145710 23/02/2023 23/02/2023 Libro impreso